000
00342nam a2200133Ia 4500
008
151001s9999||||xx |||||||||||||| ||und||
100
_a
प्रिया तेंडूलकर
245
_a
पंचतारांकित
250
_a
1
260
_b
डिंपल
260
_c
1989
300
_a
144
365
_b
21
999
_c
967940
_d
967937